000 02996cam a22004574i 4500
003 PE-LiUPU
005 20250731165406.0
008 151012s2015 pe a grm 000 0 spa d
035 _a(Sirsi) a154810
040 _aPE-LiUPU
_bspa
_cPE-LiUPU
_erda
099 _aTEF 2
_bM94 2015
100 1 _aMuñoz Herrera, Marujita
_eautor
245 1 _aConocimientos y prácticas del profesional de enfermería sobre las medidas de bioseguridad en la canalización de via venosa periférica en pacientes de los servicios de emergencia y hospitalización del Hospital Vitarte, Lima Perú, 2014 /
_cMarujita Muñoz Herrera.
264 0 _c2015.
300 _a109 hojas :
_bilustraciones;
_c30 cm
336 _atext
_2rdacontent
337 _aunmediated
_2rdamedia
338 _avolume
_2rdacarrier
502 _aTesis
_b(Lic.) --
_cUniversidad Peruana Unión,
_d2015.
504 _aIncluye referencias
520 3 _aEl presente trabajo tuvo como objetivo determinar la relación que existe entre conocimientos y prácticas del personal de enfermería sobre las medidas de bioseguridad en la canalización de vía venosa periférica en pacientes de los servicios de emergencia y hospitalización del Hospital Vitarte, 2014. La metodología fue de diseño no experimental, enfoque cuantitativo, de alcance descriptivo - correlacional, asimismo, es de corte transversal. El muestreo fue no probabilístico, por conveniencia. Estuvo constituido por 80 profesionales de enfermería. Los instrumentos empleados fueron dos: la primera que identifica el nivel de conocimiento y la segunda el tipo de prácticas, ambos sobre las medidas de bioseguridad en la canalización de vía venosa periférica. Los resultados evidencian que los profesionales de enfermería del Hospital Vitarte presentan un nivel de conocimiento medio (72,5%) sobre las medidas de bioseguridad en la canalización de vía venosa periférica, el 20% tiene un conocimiento alto y el 7,5% posee un conocimiento bajo. Referente a las prácticas el 94% realiza prácticas correctas, y el 6% realizan prácticas incorrectas. En conclusión estadísticamente se demostró que no existe relación significativa entre el nivel de conocimiento y práctica de los profesionales de enfermería sobre las medidas de bioseguridad en la canalización de vía venosa periférica, según la prueba estadística Rho de Spearman, con una (Sig.=0.369>0.05).
526 _aSEG44
526 _aSEG26
526 _aP151
526 _aP150
526 _aP149
526 _aP146
526 _aP145
526 _aP126
526 _aP125
526 _aP92
526 _aP75
526 _aP74
526 _aP27
526 _aP15
650 0 4 _aEnfermeros (Hospital Vitarte)
_xBioseguridad
700 1 _aVásquez Riva, Betsy
_eautor
596 _a1
942 _2ddc
_cTESIS
999 _aTEF 2 M94 2015
_wALPHANUM
_c7506
_iT01720
_d7506
_lCCODEBUL3
_mBUL
_q1
_r1
_sY
_tTESIS
_u2015-10-12
_xSALUD
_PP22
_o.STAFF. Tesis
980 _81
_gALBERTO SANCHEZ Responsable de Automatización